Измерение процентного содержания сурьмы в свинцовой оболочке кабеля по температуре начала кристаллизации сплава; Известия Томского политехнического института [Известия ТПИ]; Т. 230 : Автоматика, измерительная и вычислительная техника
| Parent link: | Известия Томского политехнического института [Известия ТПИ]/ Томский политехнический институт (ТПИ).— , 1944-1976 Т. 230 : Автоматика, измерительная и вычислительная техника.— 1972.— [С. 114-118] |
|---|---|
| Κύριος συγγραφέας: | |
| Άλλοι συγγραφείς: | , |
| Περίληψη: | Заглавие с титульного листа Электронная версия печатной публикации |
| Γλώσσα: | Ρωσικά |
| Έκδοση: |
1972
|
| Θέματα: | |
| Διαθέσιμο Online: | Черно-белая версия для предварительного просмотра Цветная версия без потери качества |
| Μορφή: | Ηλεκτρονική πηγή Κεφάλαιο βιβλίου |
| KOHA link: | https://koha.lib.tpu.ru/cgi-bin/koha/opac-detail.pl?biblionumber=226783 |
MARC
| LEADER | 00000nla2a2200000 4500 | ||
|---|---|---|---|
| 001 | 226783 | ||
| 005 | 20231031201236.0 | ||
| 035 | |a (RuTPU)RU\TPU\book\247171 | ||
| 035 | |a RU\TPU\book\247170 | ||
| 090 | |a 226783 | ||
| 100 | |a 20121127d1972 k y0rusy50 ca | ||
| 101 | 0 | |a rus | |
| 102 | |a RU | ||
| 135 | |a drnn ---uucaa | ||
| 181 | 0 | |a i | |
| 182 | 0 | |a b | |
| 200 | 1 | |a Измерение процентного содержания сурьмы в свинцовой оболочке кабеля по температуре начала кристаллизации сплава |b Электронный ресурс |f В. К. Жуков, Р. М. Закиров, В. А. Никулин | |
| 203 | |a Текст |c электронный | ||
| 215 | |a 2 файла (261 Кб, 10.6 Мб) | ||
| 230 | |a Электронные текстовые данные (2 файла : 261 Кб, 10.6 Мб) | ||
| 300 | |a Заглавие с титульного листа | ||
| 300 | |a Электронная версия печатной публикации | ||
| 320 | |a [Библиогр.: с. 118 (1 назв.)] | ||
| 337 | |a Adobe Reader | ||
| 461 | 1 | |0 (RuTPU)RU\TPU\book\200995 |t Известия Томского политехнического института [Известия ТПИ] |f Томский политехнический институт (ТПИ) |d 1944-1976 | |
| 463 | 1 | |0 (RuTPU)RU\TPU\book\247117 |t Т. 230 : Автоматика, измерительная и вычислительная техника |v [С. 114-118] |d 1972 |p 134 с. | |
| 610 | 1 | |a электронный ресурс | |
| 610 | 1 | |a труды учёных ТПУ | |
| 700 | 1 | |a Жуков |b В. К. |c российский ученый, электрофизик |c Заслуженный профессор Томского политехнического университета, доктор технических наук |f 1937- |g Владимир Константинович |2 stltpush |3 (RuTPU)RU\TPU\pers\19785 | |
| 701 | 1 | |a Закиров |b Р. М. | |
| 701 | 1 | |a Никулин |b В. А. | |
| 801 | 1 | |a RU |b 63413507 |c 20090320 |g PSBO | |
| 801 | 2 | |a RU |b 63413507 |c 20130322 |g PSBO | |
| 856 | 4 | |u http://www.lib.tpu.ru/fulltext/v/Bulletin_TPU/1972/v230/25_bw.pdf |z Черно-белая версия для предварительного просмотра | |
| 856 | 4 | |u http://www.lib.tpu.ru/fulltext/v/Bulletin_TPU/1972/v230/25_full.pdf |z Цветная версия без потери качества | |
| 942 | |c CF | ||